UBT Library

TRIGONOMETRY (Record no. 59967)

000 -LEADER
fixed length control field 00324nam a22001457a 4500
008 - FIXED-LENGTH DATA ELEMENTS--GENERAL INFORMATION
fixed length control field 230614b ||||| |||| 00| 0 eng d
020 ## - INTERNATIONAL STANDARD BOOK NUMBER
International Standard Book Number 9781111989798
041 ## - LANGUAGE CODE
Language code of text/sound track or separate title eng
080 ## - UNIVERSAL DECIMAL CLASSIFICATION NUMBER
Edition identifier SEVENTH EDITION
Universal Decimal Classification number 51
082 ## - DEWEY DECIMAL CLASSIFICATION NUMBER
Classification number 51McK
100 ## - Rafti
Rafti 25
101 ## - Shkurtesa
Shkurtesa MATE
245 ## - TITLE STATEMENT
Title TRIGONOMETRY
Statement of responsibility, etc McKEAGUE.P.CH
942 ## - ADDED ENTRY ELEMENTS (KOHA)
Source of classification or shelving scheme
Item type Books
Holdings
Withdrawn status Lost status Source of classification or shelving scheme Damaged status Not for loan Collection code Permanent location Current location Date acquired Total Checkouts Full call number Barcode Date last seen Price effective from Koha item type
          Koleksioni i përgjithshem UBT - Lipjan UBT - Lipjan 06/14/2023   51McK 002-800080581 06/14/2023 06/14/2023 Books
UBT Library © 2015-2024. All rights reserved University Education for Business and Technology